তফসীরে আশরাফী / (Record no. 4784)

MARC details
000 -LEADER
fixed length control field 00797nam a22002297a 4500
001 - CONTROL NUMBER
control field BD-DhSAU 4784
003 - CONTROL NUMBER IDENTIFIER
control field BD-DhSAU
005 - DATE AND TIME OF LATEST TRANSACTION
control field 20150226104036.0
008 - FIXED-LENGTH DATA ELEMENTS--GENERAL INFORMATION
fixed length control field 150226b1948 bg |||| |||| 000 0 ben d
040 ## - CATALOGING SOURCE
Original cataloging agency BD-DhSAU
082 ## - DEWEY DECIMAL CLASSIFICATION NUMBER
Edition number 22
Classification number ----
Item number -----
110 ## - MAIN ENTRY--CORPORATE NAME
Corporate name or jurisdiction name as entry element এমদাদিয়া লাইব্রেরী
245 ## - TITLE STATEMENT
Title তফসীরে আশরাফী /
Statement of responsibility, etc. এমদাদিয়া লাইব্রেরী
260 ## - PUBLICATION, DISTRIBUTION, ETC. (IMPRINT)
Place of publication, distribution, etc. ঢাকা :
Name of publisher, distributor, etc. এমদাদিয়া লাইব্রেরী ,
Date of publication, distribution, etc. ১৯৮৪.
300 ## - PHYSICAL DESCRIPTION
Extent ১২২ পৃ. :
Dimensions ২৪ সে. মি.
440 ## - SERIES STATEMENT/ADDED ENTRY--TITLE
Volume/sequential designation তৃতীয় ভলিউম
590 ## - Name of Cataloguer
Name of Cataloger tamanna
650 ## - SUBJECT ADDED ENTRY--TOPICAL TERM
Topical term or geographic name as entry element তফসীরে আশরাফী
650 ## - SUBJECT ADDED ENTRY--TOPICAL TERM
Topical term or geographic name as entry element ইসলাম
650 ## - SUBJECT ADDED ENTRY--TOPICAL TERM
Topical term or geographic name as entry element lslam
650 ## - SUBJECT ADDED ENTRY--TOPICAL TERM
Topical term or geographic name as entry element religion
942 ## - ADDED ENTRY ELEMENTS (KOHA)
Source of classification or shelving scheme Dewey Decimal Classification
Koha item type Book
Holdings
Withdrawn status Lost status Source of classification or shelving scheme Damaged status Not for loan Home library Branch Name Shelving location Date acquired Total Checkouts Full call number Barcode Date last seen Price effective from Koha item type
    Dewey Decimal Classification     SAU Library SAU Library General Stacks 18/06/1992   ---- ----- 18084 26/02/2015 26/02/2015 Book